Entry Personal Name
Number of records used in: 2
001 - CONTROL NUMBER
003 - CONTROL NUMBER IDENTIFIER
005 - DATE AND TIME OF LATEST TRANSACTION
- control field:
20191223142407.0
008 - FIXED-LENGTH DATA ELEMENTS
- fixed length control field:
841012n| azannaabn |n aaa
010 ## - LIBRARY OF CONGRESS CONTROL NUMBER
- LC control number:
n 84143007
040 ## - CATALOGING SOURCE
- Original cataloging agency:
DLC
- Language of cataloging:
eng
- Description conventions:
rda
- Transcribing agency:
DLC
- Modifying agency:
DLC
100 1# - HEADING--PERSONAL NAME
- Personal name:
Melvin, Michael
- Titles and other words associated with a name:
(Economist)
372 ## - FIELD OF ACTIVITY
- Field of activity:
Economics
- Source of term:
lcsh
373 ## - ASSOCIATED GROUP
- Associated group:
Arizona State University
- Source of term:
naf
374 ## - OCCUPATION
- Occupation:
Economists
- Occupation:
College teachers
- Source of term:
lcsh
377 ## - ASSOCIATED LANGUAGE
378 ## - FULLER FORM OF PERSONAL NAME
- Fuller form of personal name:
Michael Texas
670 ## - SOURCE DATA FOUND
- Source citation:
His International money and finance, c1985:
- Information found:
CIP t.p. (Michael Melvin, Arizona State Univ.)
670 ## - SOURCE DATA FOUND
- Source citation:
National fac. dir., 1984
- Information found:
(Melvin, Michael, Dept. of Econ., Arizona St. Univ., Tempe, Az.)
670 ## - SOURCE DATA FOUND
- Source citation:
Phone call to Ariz. State Univ., 10/9/84
- Information found:
(full name: Michael Texas Melvin)
670 ## - SOURCE DATA FOUND
- Source citation:
Darby, M.R. Intermediate macroeconomics, c1986:
- Information found:
CIP t.p. (Michael T. Melvin)
670 ## - SOURCE DATA FOUND
- Source citation:
E-mail message from Michael Melvin, Aug. 24, 2016
- Information found:
(Please remove my birthdate)
675 ## - SOURCE DATA NOT FOUND
- Source citation:
WW in finance and industry, 1983/84.